| 000 | 01502cam a2200385 a 4500 | ||
|---|---|---|---|
| 999 |
_c533419 _d533419 |
||
| 001 | 16477037 | ||
| 003 | Nust | ||
| 005 | 20200101115904.0 | ||
| 008 | 100925s2009 xx a 000 0aeng | ||
| 010 | _a 2010513591 | ||
| 020 | _a978-1908538697 | ||
| 035 | _a(OCoLC)ocn444495428 | ||
| 038 | _aMSOHAIL | ||
| 040 |
_aWIQ _cWIQ _dYDXCP _dIUI _dDLC |
||
| 041 | 1 |
_aeng _hger |
|
| 042 | _alccopycat | ||
| 043 | _ae-gx--- | ||
| 050 | 0 | 0 |
_aDD247.H5 _bA313 2009b |
| 082 | 0 | 4 |
_a943.086092 _bKAM |
| 100 | 1 |
_aHitler, Adolf, _d1889-1945. _927291 |
|
| 240 | 1 | 0 |
_aMein Kampf. _lEnglish |
| 245 | 1 | 0 |
_aMein Kampf / _cby Adolf Hitler. |
| 260 |
_aNew Delhi : _bElite Minds Inc., _c2009. |
||
| 300 |
_a635 p. : _bill. ; _c23 cm. |
||
| 500 | _a"The official Nazi English translation." | ||
| 500 | _a"This edition was first published between 1937-44 by Eher Nachf, G.M.B.H (Nazi Printing Office, Germany). This edition has been reformatted and compiled and is copyrighted by Elite Minds Inc."--Publisher's note. | ||
| 520 | _aTells the story of Hitler's life and his social and political philosophy. | ||
| 600 | 1 | 0 |
_aHitler, Adolf, _d1889-1945 _xPsychology. _927292 |
| 600 | 1 | 0 |
_aHitler, Adolf, _d1889-1945. _927291 |
| 610 | 2 | 0 |
_aNationalsozialistische Deutsche Arbeiter-Partei. _927293 |
| 651 | 0 |
_aGermany _xPolitics and government _y20th century. _927294 |
|
| 906 |
_a7 _bcbc _ccopycat _d2 _encip _f20 _gy-gencatlg |
||
| 942 |
_2ddc _cBK |
||